| 000 | 00873pam a2200253 a 4500 | ||
|---|---|---|---|
| 001 | 016246540 | ||
| 003 | OSt | ||
| 005 | 20140319154521.0 | ||
| 008 | 121224t2011 xxka frbe 001 0 eng d | ||
| 020 | _a9781845424794 (cased) | ||
| 020 | _a9780857935939 (pbk.) | ||
| 040 |
_aStDuBDS _beng _cStDuBDS _dUk _erda |
||
| 082 | 0 | 4 |
_a338.0403 _222 _bWOR |
| 245 | 0 | 0 |
_aWorld encyclopedia of entrepreneurship / _cedited by Léo-Paul Dana. |
| 260 |
_aCheltenham, United Kingdom ; _aNorthampton, United States : _bEdward Elgar, _cc.2011 _f(MPG Books Group) |
||
| 300 |
_axvi, 495 p. : _bill. ; _c25 cm. |
||
| 500 | _aIndex : p. 485-495. | ||
| 504 | _aIncludes bibliographical references. | ||
| 650 | 0 |
_aEntrepreneurship _vEncyclopedias _935703 |
|
| 653 |
_bENGGEN _cMarch2014 |
||
| 655 |
_vreading book _934232 |
||
| 700 | 1 |
_aDana, Leo Paul _eeditor. _935704 |
|
| 942 |
_2ddc _k338.0403 WOR |
||
| 999 |
_c18129 _d18101 |
||